Responses for Show #2739 - Thursday, June 27, 1996

Contestants

[<< previous game]

Kit Hope, an American Red Cross manager from Laurel, Maryland

Brian Clouse, a design engineer from Saugus, Massachusetts

Don Sloan, a composer and music professor from Wadsworth, Ohio (whose 2-day cash winnings total $27,000)

[next game >>]

Jeopardy! Round responses

LIGHTHOUSES
NAME DROPPERS
FAMOUS AMERICANS
INTERNATIONAL CUISINE
TYPES OF GOVERNMENT
"LINE"s
    $100 1
Amelia Earhart

Kit
    $100 17
Faye

Don
    $100 13
Benjamin Franklin

Kit
    $100 2
Mexico

Don
    $100 30
communism

Brian
    $100 10
punchline

Don
    $200 3
(Robert Louis) Stevenson

Don
    $200 18
Farrah Fawcett

Don
    $200 14
Grandma Moses

Don
    $200 7
Jamaica

Kit
    $200 29
monarchy

Kit
    $200 11
the dotted line

Don
    $300 4
Cape Hatteras

Don
    $300 19
Madonna

Don
    $300 22
(Kit: Who is Byrd?)
(Alex: Which one?)
(Kit: Robert?)

Richard Byrd

BrianKit
    $300 8
soy milk

Kit
    $300 27
people

Kit
    $300 12
beeline

Kit
    $400 5
San Diego

Brian
    $400 20
Mary Crosby

Kit
    $400 23
(Mark) Hatfield

Brian
    $400 9
Vietnam

Don
    $800 26
dictatorship

Don
    $400 15
assembly line

Don
    $500 6
(Kit: What is Cairo?)

Pharos

BrianKit
    $500 21
Ann-Margret

Brian
    $500 24
Elizabeth Blackwell

Kit
    $500 25
kimchi

Don
    $500 28
anarchy

Don
    $500 16
(Kit: [No response])
(Brian: What is a branch line?)

online

BrianKit
Triple Stumper

Scores at the first commercial break (after clue 15):

Don Brian Kit
$1,900 $900 $500

Scores at the end of the Jeopardy! Round:

Don Brian Kit
$4,300 $1,700 $1,100

Double Jeopardy! Round responses

WOMEN
U.S. GEOGRAPHY
SCIENCE
WORLD HISTORY
BOOKS & AUTHORS
ODDS & ENDS
    $200 1
National Rifle Association

Don
    $200 11
Chicago

Don
    $200 2
osteoporosis

Don
    $200 6
Iran

Kit
    $200 5
Provence

Brian
    $200 23
unicorn

Kit
    $400 4
Kansas

Don
    $400 16
Pennsylvania

Don
    $400 3
chromosomes

Kit
    $400 7
(Don: What is Germany?)
(Brian: What is Russia?)

Japan

DonBrian
Triple Stumper
    $400 14
(Don: Who is Gail Sheehy?)

Danielle Steel

Don
Triple Stumper
    $400 24
South Bend, Indiana

Don
    $600 28
(Don: What are the Sioux?)

Cherokee

DonBrian
    $600 17
(Kit: What is Oregon?)

Washington

DonKit
    $600 12
Petri dish

Don
    $600 8
Poland

Brian
    $600 20
Breathing Lessons

Brian
    $600 25
beaver

Kit
    $800 29
(Brian: Who was Beatrix?)
[The end-of-round signal sounds.]

Margrethe (II)

BrianKit
    $800 18
Brooklyn

Brian
    $1,500 13
reduction & oxidation

Don
    $2,000 9
Paris

Brian
    $800 21
The Robe

Brian
    $800 26
Afrikaans

Don
    $1000 19
Birmingham

Brian
    $1000 15
black hole

Brian
    $1000 10
Saladin

Brian
    $1000 22
(Alex: And we have a minute to go.)

The Virginian

Brian
    $1000 27
Kinshasa

Kit

Scores at the end of the Double Jeopardy! Round:

Don Brian Kit
$8,200 $10,100 $3,700

[wagering suggestions for these scores]

Final Jeopardy! Round responses

SOUTH AMERICA
KitWhat is Surinam?
$0
DonWhat is Suriname?
$800
BrianWhat is [Ecuador] Brazil?
$6,301
Suriname

Final scores:

Don Brian Kit
$9,000 $3,799 $3,700
3-day champion: $36,000 2nd place: Curtis Mathes 35" home theatre monitor/TV 3rd place: Rug Doctor carpet cleaner

Game dynamics:

Coryat scores:

Don Brian Kit
$7,100 $8,900 $3,700
24 R
(including 2 DDs),
3 W
17 R
(including 1 DD),
3 W
15 R,
4 W

Combined Coryat: $19,700

[game clues] [game scores] [suggest correction]

Game tape date: 1996-02-13
The J! Archive is created by fans, for fans. Scraping, republication, monetization, and malicious use prohibited; this site may use cookies and collect identifying information. See terms. The Jeopardy! game show and all elements thereof, including but not limited to copyright and trademark thereto, are the property of Jeopardy Productions, Inc. and are protected under law. This website is not affiliated with, sponsored by, or operated by Jeopardy Productions, Inc. Join the discussion at JBoard.tv.